Tự học PHP trong 24 giờ

Uloženo v:
Podrobná bibliografie
Hlavní autor: Thuận Thành
Médium: Kniha
Jazyk:Undetermined
Vydáno: Hà Nội Thanh Niên 2005
Témata:
Tagy: Přidat tag
Žádné tagy, Buďte první, kdo otaguje tento záznam!
Thư viện lưu trữ: Trung tâm Học liệu Trường Đại học Cần Thơ
LEADER 00588nam a2200193Ia 4500
001 CTU_74780
008 210402s9999 xx 000 0 und d
020 |c 62000 
082 |a 005.7592 
082 |b Th502 
100 |a Thuận Thành 
245 0 |a Tự học PHP trong 24 giờ 
245 0 |c Thuận Thành 
260 |a Hà Nội 
260 |b Thanh Niên 
260 |c 2005 
650 |a MySQL ( Document makup language ),Web publishing,World Wide Web ( Information Retrieval Systems) 
904 |i Nguyên 
980 |a Trung tâm Học liệu Trường Đại học Cần Thơ